PCR and sero-diagnosis of chronic chagas disease biotechnological advances /

Spremljeno u:
Bibliografski detalji
Glavni autor: Gomes, Yara M.
Format: Članak
Jezik:English
Teme:
Oznake: Dodaj oznaku
Bez oznaka, Budi prvi tko označuje ovaj zapis!
Thư viện lưu trữ: Thư viện Trường Đại học Đà Lạt
LEADER 00785nam a2200265 4500
001 DLU090090962
005 ##20091201
040 # # |a DLU  |b eng 
041 # # |a eng 
044 # # |a us 
100 # # |a Gomes, Yara M. 
245 # # |a PCR and sero-diagnosis of chronic chagas disease biotechnological advances /  |c Gomes, Yara M. 
653 # # |a Chagas disease 
653 # # |a Diagnosis 
653 # # |a Trypanosoma cruzi  
773 # # |t Applied Biochemistry and Biotechnology  |g Vol. 66, no. 2 (May 1997), p. 107-119 
920 # # |a Phòng Tạp chí -- Trung tâm Thông tin - Thư viện Trường Đại học Đà Lạt 
994 # # |a DLU 
900 # # |a True 
911 # # |a Trương Bảo Trâm Anh 
925 # # |a G 
926 # # |a A 
927 # # |a BB 
980 # # |a Thư viện Trường Đại học Đà Lạt